000 00295nam a22001337a 4500
008 170816b xxu||||| |||| 00| 0 eng d
020 _a9780618401284
041 _aeng
080 _23 ED
_a51
100 _a51
101 _aMAT
245 _aCALCULUS CONCEPTS
_cKENELLY.K.L
942 _2udc
_cBK
999 _c23780
_d23780